000 00584nam a2200193Ii 4500
003 JO-AjNU
008 230606s9999||||xx |||||||||||||| ||und||
040 _aJO-AjNU
_beng
_erda
_cJO-AjNU
041 _aeng
050 1 4 _aQA300.2011
100 3 _aPaswan,n.k/Bajaj,Rajesh,
_eauthor
_93865
245 0 0 _aTopology-Concept of sets and spaces
264 3 1 _aNEW DELHI:CYBER TECH PUPLICATION :,2011
300 _a248p
336 _atext
_btxt
_2rdacontent
337 _aunmediated
_bn
_2rdamedia
338 _avolume
_bnc
_2rdacarrier
650 4 _aTopology-Concept of sets and spaces
_93866
999 _aE2016
_c2015
_d2015